Une theorie scientifique de la culture : et autres essais

Αποθηκεύτηκε σε:
Λεπτομέρειες βιβλιογραφικής εγγραφής
Κύριος συγγραφέας: Malinowski Bronislaw 1884-1942
Άλλοι συγγραφείς: Clinquart, Pierre (Μεταφραστής)
Μορφή: Βιβλίο
Γλώσσα:French
Δημοσίευση: Paris : Francois maspero, 1968.
Σειρά:Points. Sciences humaines.
Θέματα:
Ετικέτες: Προσθήκη ετικέτας
Δεν υπάρχουν, Καταχωρήστε ετικέτα πρώτοι!

MARC

LEADER 00000cam a2200000 a 4500
001 1/122348
008 201130s1968####fr ||||||| |||| ||fre||
040 |a GR-MyUa  |b gre  |c GR-MyUa  |e AACR2 
041 1 |a fre 
082 7 |a 306  |2 (23) 
100 1 |a Malinowski Bronislaw  |d 1884-1942. 
245 1 4 |a Une theorie scientifique de la culture :   |b et autres essais /   |c Bronislaw Malinowski ; traduit de l'anglais par Pierre Clinquart.  
260 |a Paris :   |b Francois maspero,   |c 1968.  
300 |a 183 σ. ;   |c 18 εκ.  
490 1 |a (Points. Sciences humaines ;   |v 2) 
650 0 |a Anthropology 
700 1 |a Clinquart, Pierre,  |e trl 
765 0 8 |i Μετάφραση του:   |t A scientific theory of culture /  
830 0 |a Points.   |p Sciences humaines. 
852 |a INST  |b LESVOS  |e 20201130  |h 306 MAL  |p 005100062208  |q 005100062208  |t BK  |y 0 
920 |a Χαραλαμπίδης  |b Βασίλης  |y Λέσβος  |z 2015-04 
970 |a Δημάκη  |b Μαρία  |z 30-11-2020